| 000 | 00541nam a2200145Ia 4500 | ||
|---|---|---|---|
| 008 | 170221s9999 xx 000 0 und d | ||
| 100 | _aNatalia Mikhaylovna Aleksandrova | ||
| 245 | 4 | _aThe Study of Teachers’ Activity in Vocational Education as a Scientific Problem | |
| 245 | _cNatalia Mikhaylovna Aleksandrova, Polina Vadimovna Guseva | ||
| 260 | _bInternational Review of Management and Marketing | ||
| 260 | _c2016 | ||
| 300 | _a6 : 3S | ||
| 650 | _xMarketing. | ||
| 856 | _uhttp://www.econjournals.com/index.php/irmm/issue/view/75 | ||
| 999 |
_c308602 _d308602 |
||